Films de Lars von Trier par images - Statistiques

Statistiques générales
  • Ce quiz a été pris 190 fois
  • Le résultat moyen est 5 sur 12
Statistiques - réponses
Par images Réponse % Correct
Nymphomaniac
81%
Melancholia
77%
The House That Jack Built
57%
Dancer in the Dark
54%
Dogville
51%
Antichrist
48%
Breaking the Waves
33%
Europa
25%
Manderlay
20%
Le Direktør
14%
Element of Crime
12%
Five Obstructions
7%
Aucun quiz correspondant
Distribution des résultats
% des personnes avec chaque résultat
Percentile par nombre de réponses
Votre historique - résultats
Vous n’avez pas pris ce quiz